Capital Cities With D - Statistics

General Stats
  • This quiz has been taken 40 times
  • The average score is 6 of 9
Answer Stats
Answer % Correct
Damascus
73%
Dhaka
70%
Dublin
65%
Dili
62%
Djibouti
62%
Doha
62%
Dakar
57%
Dodoma
57%
Dushanbe
57%
No matching quizzes found
Score Distribution
Percent of People with Each Score
Percentile by Number Answered
Your Score History
You have not taken this quiz